<?xml version="1.0" encoding="UTF-8"?>
<marc:record xmlns:marc="http://www.loc.gov/MARC21/slim">
   <marc:leader>00000nam a2200000 a 4500</marc:leader>
   <marc:datafield ind1="1" ind2=" " tag="100">
      <marc:subfield code="a">Balsmeyer, Hendrikje</marc:subfield>
      <marc:subfield code="4">aut</marc:subfield>
      <marc:subfield code="e">Verfasser/-in</marc:subfield>
   </marc:datafield>
   <marc:datafield ind1="1" ind2=" " tag="100">
      <marc:subfield code="a">Maffay, Peter</marc:subfield>
      <marc:subfield code="4">aut</marc:subfield>
      <marc:subfield code="e">Verfasser/-in</marc:subfield>
   </marc:datafield>
   <marc:datafield ind1="0" ind2="0" tag="245">
      <marc:subfield code="a">Anouk, die nachts auf Reisen geht</marc:subfield>
   </marc:datafield>
   <marc:datafield ind1="0" ind2="0" tag="245">
      <marc:subfield code="b">Geschichten von Freundschaft, Mut und Fantasie</marc:subfield>
   </marc:datafield>
   <marc:datafield ind1="0" ind2="0" tag="245">
      <marc:subfield code="c">Balsmeyer, Hendrikje</marc:subfield>
   </marc:datafield>
   <marc:datafield ind1=" " ind2="1" tag="264">
      <marc:subfield code="a">Hamburg</marc:subfield>
      <marc:subfield code="b">Silberfisch</marc:subfield>
      <marc:subfield code="c">2021</marc:subfield>
   </marc:datafield>
   <marc:datafield ind1="1" ind2=" " tag="520">
      <marc:subfield code="a">Anouk ist liebenswert und hilfsbereit. Nur eines mag sie gar nicht: Schlafengehen! Umso mehr wundern sich ihre Eltern, als Anouk plötzlich voller Vorfreude abends zu Bett geht. Denn was sie nicht wissen: Nacht für Nacht erlebt Anouk neuerdings aufregende Abenteuer. Sie hilft einem Indianerjungen, seine Angst zu überwinden. Sie rettet einen kleinen Ritter aus einem dunklen Verlies. Sie unterstützt eine mutige Kämpferin beim Schlittenhunderennen. Ob im Zirkus, bei den Piraten, auf dem Bauernhof oder auf der großen Bühne - überall findet Anouk neue Freunde. Erzählt sie am nächsten Tag davon, sagen ihre Eltern stets: »Schatz, das hast du alles nur geträumt!« Doch Anouk hat »Beweise« dafür, dass das nicht so ist ...</marc:subfield>
   </marc:datafield>
   <marc:datafield ind1=" " ind2=" " tag="020">
      <marc:subfield code="a">9783745603293</marc:subfield>
      <marc:subfield code="9">9783745603293</marc:subfield>
   </marc:datafield>
   <marc:datafield ind1=" " ind2=" " tag="020">
      <marc:subfield code="a">374560329X</marc:subfield>
      <marc:subfield code="9">374560329X</marc:subfield>
   </marc:datafield>
   <marc:datafield ind1=" " ind2=" " tag="041">
      <marc:subfield code="a">ger</marc:subfield>
   </marc:datafield>
   <marc:datafield ind1=" " ind2=" " tag="300">
      <marc:subfield code="a">2 CDs</marc:subfield>
   </marc:datafield>
</marc:record>
